000 00700nam a2200229Ia 4500
003 OSt
005 20220927105828.0
006 a|||||r|||| 00| 0
007 ta
008 220926b |||||||| |||| 00| 0 eng d
024 _a196967
037 _cReference Collections
040 _aRTL
_cRTL
_beng
041 _2eng
_aeng
082 _a"X:31.2.N47<--N0, K5/Th"
100 _aSIVASUBRAMONIAN S
_9375372
245 0 _aNational income of India 1900-01 to 1946-47
260 _a"Delhi,"
_b"University of Delhi, "
_c1965
300 _a"vi,367p."
_ccm.
942 _h"X:31.2.N47<--N0, K5/Th"
_cCC
999 _c694924
_d694924